00225nam a2200097Ia 4500008004100000041000800041082001200049100001500061245004200076260000900118240625s9999 xx 000 0 und d aeng a658 PRA aPRASAD L M aPRINCIPLES AND PRACTICE OF MANAGEMENT c2012